[Event "2. Bundesliga Ost 2010/2011"]
[Site "2+3.10.Zwettl,30.10-1.11.Wien,27+28.11.Wien,29+30.
[Date "2011.03.13"]
[Round "11"]
[Board "3"]
[White "Certek, Pavel"]
[Black "Wiedner, Robert"]
[Result "1-0"]
[WhiteElo "2250"]
[BlackElo "2189"]
[PlyCount "63"]
[EventDate "2010.10.02"]
[EventType "team"]
[EventRounds "11"]
[EventCountry "AUT"]
[WhiteTeam "ASVOE SK Mattersburg"]
[BlackTeam "1. Wr. Neustaedter SV"]

1.d4 Nf6 2.c4 e6 3.Nf3 Bb4+ 4.Nbd2 d5 5.a3 Be7 6.e3 O-O 7.Bd3 c5 8.dxc5 Bxc5
9.b4 Be7 10.Bb2 Nbd7 11.O-O Re8 12.Qe2 a5 13.c5 Qc7 14.e4 h6 15.e5 Nh7 16.Nb3
axb4 17.axb4 Rxa1 18.Rxa1 b6 19.Bxh7+ Kxh7 20.Qc2+ Kg8 21.c6 Rd8 22.Qc3 d4
23.Nbxd4 Nxe5 24.Nxe5 Qxe5 25.Nf5 Qxc3 26.Nxe7+ Kf8 27.Bxc3 Kxe7 28.Bxg7 h5
29.Kf1 Rg8 30.Be5 Rg6 31.Ra7+ Ke8 32.b5 1-0

[Event "2. Bundesliga Ost 2010/2011"]
[Site "2+3.10.Zwettl,30.10-1.11.Wien,27+28.11.Wien,29+30.
[Date "2011.03.13"]
[Round "11"]
[Board "4"]
[White "Lucaci, Marius"]
[Black "Brod, Manfred"]
[Result "0-1"]
[WhiteElo "2148"]
[BlackElo "2183"]
[PlyCount "55"]
[EventDate "2010.10.02"]
[EventType "team"]
[EventRounds "11"]
[EventCountry "AUT"]
[WhiteTeam "1. Wr. Neustaedter SV"]
[BlackTeam "ASVOE SK Mattersburg"]

1.e4 c5 2.Nf3 g6 3.d4 cxd4 4.Nxd4 Nc6 5.Nxc6 bxc6 6.Qd4 Nf6 7.e5 Nd5 8.c4 Qb6
9.Qe4 f5 10.Qe2 Nc7 11.b3 Bg7 12.f4 Qd4 13.Qb2 Ne6 14.Qxd4 Nxd4 15.Na3 d6 16.Bb2
dxe5 17.O-O-O c5 18.fxe5 Bb7 19.Rxd4 cxd4 20.Bxd4 O-O-O 21.Bc3 Bh6+ 22.Kb2 Rd1
23.Nb5 Rhd8 24.b4 a6 25.Na3 Bc1+ 26.Kb3 Bxa3 27.Kxa3 Rb1 28.h4 0-1

[Event "2. Bundesliga Ost 2010/2011"]
[Site "2+3.10.Zwettl,30.10-1.11.Wien,27+28.11.Wien,29+30.
[Date "2011.03.13"]
[Round "11"]
[Board "5"]
[White "Riedner, Martin"]
[Black "Ligezinski, Martin"]
[Result "1-0"]
[WhiteElo "2146"]
[BlackElo "2107"]
[PlyCount "53"]
[EventDate "2010.10.02"]
[EventType "team"]
[EventRounds "11"]
[EventCountry "AUT"]
[WhiteTeam "ASVOE SK Mattersburg"]
[BlackTeam "1. Wr. Neustaedter SV"]

1.c4 f5 2.d4 e6 3.g3 Nf6 4.Bg2 Be7 5.Nc3 O-O 6.Nf3 d6 7.O-O Qe8 8.b4 Qh5 9.Qb3
Kh8 10.Re1 Ne4 11.Nxe4 fxe4 12.Nd2 d5 13.Bb2 Rf6 14.f3 Rh6 15.Nf1 Nc6 16.a3 Bd7
17.fxe4 dxe4 18.Bxe4 Rf8 19.Bf3 Qh3 20.d5 exd5 21.cxd5 Bd6 22.dxc6 Bxg3 23.hxg3
Bxc6 24.e4 Bb5 25.Qc3 Rf7 26.Qd2 Rd6 27.Qg2 1-0

[Event "2. Bundesliga Ost 2010/2011"]
[Site "2+3.10.Zwettl,30.10-1.11.Wien,27+28.11.Wien,29+30.
[Date "2011.03.13"]
[Round "11"]
[Board "6"]
[White "Ganauser, Eduard"]
[Black "Salamon, Werner"]
[Result "1/2-1/2"]
[WhiteElo "2096"]
[BlackElo "2152"]
[PlyCount "56"]
[EventDate "2010.10.02"]
[EventType "team"]
[EventRounds "11"]
[EventCountry "AUT"]
[WhiteTeam "1. Wr. Neustaedter SV"]
[BlackTeam "ASVOE SK Mattersburg"]

1.c4 e6 2.Nc3 d5 3.e3 Nf6 4.Nf3 Be7 5.Be2 O-O 6.O-O c5 7.cxd5 exd5 8.d4 Nc6
9.dxc5 Bxc5 10.Nb5 Re8 11.Nbd4 Qb6 12.Bb5 Bg4 13.Bxc6 bxc6 14.Qa4 Rac8 15.h3 Bh5
16.Qb3 Qa6 17.Qc3 Ne4 18.Qc2 Bxd4 19.Nxd4 c5 20.Nb3 d4 21.Nd2 Nxf2 22.exd4 Bg6
23.Qc4 Qxc4 24.Nxc4 Nxh3+ 25.gxh3 Bd3 26.Nd6 Bxf1 27.Nxc8 Bxh3 28.Nd6 Re2 1/2-1/2

[Event "2. Bundesliga Ost 2010/2011"]
[Site "2+3.10.Zwettl,30.10-1.11.Wien,27+28.11.Wien,29+30.
[Date "2011.03.13"]
[Round "11"]
[Board "1"]
[White "Zilka, Stepan"]
[Black "Lipka, Juraj"]
[Result "1-0"]
[WhiteElo "2479"]
[BlackElo "2414"]
[PlyCount "79"]
[EventDate "2010.10.02"]
[EventType "team"]
[EventRounds "11"]
[EventCountry "AUT"]
[WhiteTeam "Blackburne Nickelsdorf"]
[BlackTeam "ASVOE Pamhagen"]

1.d4 d5 2.c4 c6 3.Nf3 Nf6 4.Nc3 dxc4 5.a4 e6 6.e3 c5 7.Bxc4 Nc6 8.O-O cxd4
9.exd4 Be7 10.Qe2 O-O 11.Rd1 Nd5 12.Bd3 Ncb4 13.Bb1 b6 14.Ne5 Bb7 15.Ra3 f5
16.a5 Rc8 17.axb6 axb6 18.Ra7 Rb8 19.Nd3 Qc8 20.Nxd5 Nxd5 21.Nf4 Ra8 22.Rxa8
Bxa8 23.Ba2 Bd6 24.Qxe6+ Qxe6 25.Nxe6 Rc8 26.Nf4 Bxf4 27.Bxf4 Kf8 28.Bd6+ Ke8
29.Bb3 Kd7 30.Be5 g6 31.h4 Bb7 32.Ra1 Ra8 33.Rc1 Rc8 34.Ba4+ Ke6 35.Re1 Bc6
36.Bb3 Kd7 37.Kh2 Nb4 38.Ra1 Ra8 39.Rxa8 Bxa8 40.Bg8 1-0

[Event "2. Bundesliga Ost 2010/2011"]
[Site "2+3.10.Zwettl,30.10-1.11.Wien,27+28.11.Wien,29+30.
[Date "2011.03.13"]
[Round "11"]
[Board "2"]
[White "Rueckschloss, Karol"]
[Black "Pinter, Erik"]
[Result "1/2-1/2"]
[WhiteElo "2293"]
[BlackElo "2379"]
[PlyCount "70"]
[EventDate "2010.10.02"]
[EventType "team"]
[EventRounds "11"]
[EventCountry "AUT"]
[WhiteTeam "ASVOE Pamhagen"]
[BlackTeam "Blackburne Nickelsdorf"]

1.c4 g6 2.d4 Nf6 3.g3 d5 4.cxd5 Nxd5 5.Bg2 Bg7 6.Nf3 Nb6 7.O-O Nc6 8.e3 O-O
9.Bd2 a5 10.Na3 Bf5 11.Bc3 Be4 12.Qe2 Nb4 13.Rfd1 c6 14.Ne5 Bxg2 15.Kxg2 Nxa2
16.Be1 Nb4 17.e4 Qc7 18.Nac4 Nxc4 19.Qxc4 Rad8 20.f4 Rd6 21.Bxb4 axb4 22.Qxb4
Rfd8 23.Ra7 c5 24.Qxb7 Qxb7 25.Rxb7 Bxe5 26.fxe5 Rxd4 27.Rc1 c4 28.Rxe7 Rxe4
29.Rf1 Re2+ 30.Kh3 Rf8 31.Rf4 Rc2 32.Rc7 Rxb2 33.Rfxc4 Rbb8 34.Kg4 Rbe8 35.R4c5
h6 1/2-1/2

[Event "2. Bundesliga Ost 2010/2011"]
[Site "2+3.10.Zwettl,30.10-1.11.Wien,27+28.11.Wien,29+30.
[Date "2011.03.13"]
[Round "11"]
[Board "3"]
[White "Vlcek, Stanislav"]
[Black "Vitouch, Anatol"]
[Result "1/2-1/2"]
[WhiteElo "2257"]
[BlackElo "2262"]
[PlyCount "97"]
[EventDate "2010.10.02"]
[EventType "team"]
[EventRounds "11"]
[EventCountry "AUT"]
[WhiteTeam "Blackburne Nickelsdorf"]
[BlackTeam "ASVOE Pamhagen"]

1.e4 Nc6 2.Nf3 Nf6 3.e5 Nd5 4.d4 d6 5.c4 Nb6 6.e6 fxe6 7.Nc3 e5 8.d5 Nd4 9.Nxd4
exd4 10.Qxd4 e5 11.dxe6 Bxe6 12.Be3 Qf6 13.Qxf6 gxf6 14.Nb5 Kd7 15.Rc1 Rg8
16.Nd4 Bf7 17.g3 Re8 18.b3 Bh6 19.Bh3+ Kd8 20.Nf5 Bxe3 21.Nxe3 Nd7 22.O-O Be6
23.Bg2 Kc8 24.Rfd1 Rd8 25.Rd4 Ne5 26.Rh4 Rg7 27.Rd1 Ng6 28.Rhd4 Re8 29.a3 Ne5
30.h3 f5 31.Kh2 Rf8 32.f4 Nd7 33.Bf3 Nf6 34.Re1 Rfg8 35.Rg1 Bd7 36.Nc2 Re8
37.Kg2 Bc6 38.Kf2 Ne4+ 39.Bxe4 Bxe4 40.Ne3 h5 41.b4 b6 42.Re1 Rgg8 43.Nf1 Bc6
44.Rxe8+ Rxe8 45.Ne3 Rf8 46.b5 Bb7 47.Rd2 Kd7 48.Nc2 a6 49.a4 1/2-1/2

[Event "2. Bundesliga Ost 2010/2011"]
[Site "2+3.10.Zwettl,30.10-1.11.Wien,27+28.11.Wien,29+30.
[Date "2011.03.13"]
[Round "11"]
[Board "4"]
[White "Hangweyrer, Manfred"]
[Black "Bachofner, Andreas"]
[Result "1/2-1/2"]
[WhiteElo "2334"]
[BlackElo "2243"]
[PlyCount "113"]
[EventDate "2010.10.02"]
[EventType "team"]
[EventRounds "11"]
[EventCountry "AUT"]
[WhiteTeam "ASVOE Pamhagen"]
[BlackTeam "Blackburne Nickelsdorf"]

1.e4 d5 2.exd5 Qxd5 3.Nf3 Nf6 4.d4 Bg4 5.Be2 Nc6 6.h3 Bxf3 7.Bxf3 Qe6+ 8.Be3 Nd5
9.Qe2 Nxe3 10.fxe3 Qd7 11.Nc3 e6 12.O-O-O Nd8 13.Kb1 Bb4 14.Ne4 O-O 15.h4 c6
16.g4 f6 17.Qd3 Nf7 18.Rhg1 Be7 19.g5 f5 20.Nf2 e5 21.e4 exd4 22.exf5 Ne5
23.Qb3+ Kh8 24.Be4 Bc5 25.Nd3 Nxd3 26.cxd3 a5 27.Qc2 Bd6 28.h5 Bf4 29.Rdf1 Be3
30.Rg4 Rae8 31.Qg2 h6 32.gxh6 Bxh6 33.f6 Rxf6 34.Rg6 Ree6 35.Rgxf6 Rxf6 36.Rxf6
gxf6 37.Qg6 Qg7 38.Qe8+ Qg8 39.Qe7 Qg7 40.Qd8+ Qf8 41.Qxd4 Qe7 42.Qg1 Bg5 43.Qg4
a4 44.a3 Kg7 45.Qf5 Qf7 46.Bf3 Kh6 47.Qe4 Qh7 48.Qd4 c5 49.Qd5 Be3 50.Be4 Qg7
51.Ka2 b5 52.Bg6 b4 53.Qe4 Bd2 54.axb4 cxb4 55.Qe8 Qa7 56.Qf8+ Kg5 57.Be4 1/2-1/2

[Event "2. Bundesliga Ost 2010/2011"]
[Site "2+3.10.Zwettl,30.10-1.11.Wien,27+28.11.Wien,29+30.
[Date "2011.03.13"]
[Round "11"]
[Board "5"]
[White "Koffler, Daniel"]
[Black "Froschauer, Hans"]
[Result "1/2-1/2"]
[WhiteElo "2199"]
[BlackElo "2124"]
[PlyCount "24"]
[EventDate "2010.10.02"]
[EventType "team"]
[EventRounds "11"]
[EventCountry "AUT"]
[WhiteTeam "Blackburne Nickelsdorf"]
[BlackTeam "ASVOE Pamhagen"]

1.d4 Nf6 2.Bg5 d5 3.e3 Bf5 4.Bd3 Bxd3 5.Qxd3 c6 6.Bxf6 exf6 7.Ne2 g6 8.Nd2 f5
9.O-O-O Nd7 10.Kb1 Bg7 11.Qa3 Qe7 12.Qxe7+ Kxe7 1/2-1/2

[Event "2. Bundesliga Ost 2010/2011"]
[Site "2+3.10.Zwettl,30.10-1.11.Wien,27+28.11.Wien,29+30.
[Date "2011.03.13"]
[Round "11"]
[Board "6"]
[White "Orlovic, Veljko"]
[Black "Adler, Thomas"]
[Result "1-0"]
[WhiteElo "2093"]
[BlackElo "2012"]
[PlyCount "89"]
[EventDate "2010.10.02"]
[EventType "team"]
[EventRounds "11"]
[EventCountry "AUT"]
[WhiteTeam "ASVOE Pamhagen"]
[BlackTeam "Blackburne Nickelsdorf"]

1.e4 e6 2.d4 d5 3.Nc3 Nf6 4.Bg5 Be7 5.e5 Nfd7 6.Bxe7 Qxe7 7.Nf3 a6 8.Qd2 c5
9.dxc5 Nc6 10.Qf4 Qxc5 11.Bd3 h6 12.h4 Nb4 13.O-O Nxd3 14.cxd3 O-O 15.Rac1 b5
16.Ne4 Qb6 17.Ng3 f5 18.exf6 Nxf6 19.Qc7 Qxc7 20.Rxc7 Rf7 21.Rfc1 Rxc7 22.Rxc7
Ne8 23.Rc6 Kf8 24.Ne5 Ke7 25.Ne2 Kf6 26.f4 g5 27.hxg5+ hxg5 28.g3 gxf4 29.gxf4
a5 30.Kf2 b4 31.Nd4 Ke7 32.Ke3 Nd6 33.Rc7+ Kd8 34.Rh7 Nf5+ 35.Nxf5 exf5 36.Kd4
Ra6 37.Kc5 Be6 38.Nc6+ Kc8 39.Kd6 Rxc6+ 40.Kxc6 Kb8 41.Kb6 a4 42.Rh8+ Bc8 43.a3
bxa3 44.bxa3 d4 45.Rg8 1-0

[Event "2. Bundesliga Ost 2010/2011"]
[Site "2+3.10.Zwettl,30.10-1.11.Wien,27+28.11.Wien,29+30.
[Date "2011.03.13"]
[Round "11"]
[Board "1"]
[White "Videki, Sandor"]
[Black "Polak, Thomas"]
[Result "1-0"]
[WhiteElo "2441"]
[BlackElo "2535"]
[PlyCount "99"]
[EventDate "2010.10.02"]
[EventType "team"]
[EventRounds "11"]
[EventCountry "AUT"]
[WhiteTeam "Spg Data Technology Eichgraben/P."]
[BlackTeam "SK Zwettl"]

1.c4 e6 2.Nc3 d5 3.d4 Nf6 4.cxd5 exd5 5.Bg5 c6 6.e3 Be7 7.Bd3 Nbd7 8.Nf3 O-O
9.Qc2 Re8 10.h3 Nf8 11.Bf4 Ng6 12.Bh2 Bd6 13.Bxd6 Qxd6 14.O-O-O b5 15.Kb1 Bb7
16.Nd2 Re7 17.Nb3 Rae8 18.Rc1 Nd7 19.Ne2 Nb6 20.Ng3 Qf6 21.Nf5 Rc7 22.g4 Nc4
23.h4 Bc8 24.g5 Qd8 25.Nc5 a5 26.Rcg1 Bxf5 27.Bxf5 Nf8 28.Rg3 a4 29.Bd3 a3 30.b3
Nd6 31.Na6 Rc8 32.Rc1 Ne4 33.Rg4 Qa5 34.Bxe4 Qxa6 35.Bd3 Rc7 36.Qd2 Rce7 37.Rgg1
Rc7 38.Rc2 Qb6 39.Qb4 Ra8 40.Rgc1 Rac8 41.Qxa3 Ne6 42.Qb4 g6 43.Be2 Re8 44.Bg4
Nd8 45.Qd6 Qa7 46.h5 Qb8 47.h6 Ne6 48.Rxc6 Rxc6 49.Qxc6 Qd8 50.Bxe6 1-0

[Event "2. Bundesliga Ost 2010/2011"]
[Site "2+3.10.Zwettl,30.10-1.11.Wien,27+28.11.Wien,29+30.
[Date "2011.03.13"]
[Round "11"]
[Board "2"]
[White "Blatny, Pavel"]
[Black "Ganaus, Hannes"]
[Result "1-0"]
[WhiteElo "2402"]
[BlackElo "2310"]
[PlyCount "69"]
[EventDate "2010.10.02"]
[EventType "team"]
[EventRounds "11"]
[EventCountry "AUT"]
[WhiteTeam "SK Zwettl"]
[BlackTeam "Spg Data Technology Eichgraben/P."]

1.g3 d5 2.Bg2 Nf6 3.d3 c6 4.Nd2 e5 5.e3 Bd6 6.b3 O-O 7.Bb2 a5 8.a3 Re8 9.Ne2
Nbd7 10.h3 Nf8 11.c4 Bc7 12.Qc2 d4 13.e4 c5 14.O-O Ng6 15.Kh2 h5 16.Rg1 h4
17.Raf1 Nh7 18.Nf3 f5 19.Qd2 fxe4 20.dxe4 Ra6 21.Bc1 Rf8 22.Ne1 Raf6 23.Nd3 b6
24.Qe1 Qd7 25.f4 hxg3+ 26.Qxg3 exf4 27.Bxf4 Nxf4 28.Nexf4 Rxf4 29.Rxf4 Rxf4
30.Nxf4 g5 31.e5 Bxe5 32.Bd5+ Kg7 33.Kh1 Kh6 34.Qh4+ Kg7 35.Rxg5+ 1-0

[Event "2. Bundesliga Ost 2010/2011"]
[Site "2+3.10.Zwettl,30.10-1.11.Wien,27+28.11.Wien,29+30.
[Date "2011.03.13"]
[Round "11"]
[Board "3"]
[White "Neumeier, Klaus"]
[Black "Vyskocil, Neklan"]
[Result "0-1"]
[WhiteElo "2374"]
[BlackElo "2376"]
[PlyCount "70"]
[EventDate "2010.10.02"]
[EventType "team"]
[EventRounds "11"]
[EventCountry "AUT"]
[WhiteTeam "Spg Data Technology Eichgraben/P."]
[BlackTeam "SK Zwettl"]

1.e4 c5 2.Nf3 d6 3.d4 cxd4 4.Nxd4 Nf6 5.Nc3 a6 6.Bc4 e6 7.Bb3 Nbd7 8.Bg5 Nc5
9.f4 Be7 10.Qf3 Qc7 11.f5 h6 12.Bxf6 Bxf6 13.O-O-O O-O 14.Qg4 Qe7 15.Kb1 Kh7
16.h4 b5 17.Nce2 Bd7 18.c3 Nxb3 19.axb3 b4 20.c4 a5 21.Nf4 exf5 22.Qe2 Qxe4+
23.Qxe4 fxe4 24.Nd5 Be5 25.Nb6 Bg4 26.Nxa8 Bxd1 27.Rxd1 Rxa8 28.g4 Re8 29.Kc2 g6
30.h5 gxh5 31.gxh5 Rg8 32.Rd2 e3 33.Rd3 Rg2+ 34.Kd1 Rxb2 35.Nf5 e2+ 0-1

[Event "2. Bundesliga Ost 2010/2011"]
[Site "2+3.10.Zwettl,30.10-1.11.Wien,27+28.11.Wien,29+30.
[Date "2011.03.13"]
[Round "11"]
[Board "4"]
[White "Pisk, Petr"]
[Black "Weissenbeck, Manuel"]
[Result "1-0"]
[WhiteElo "2313"]
[BlackElo "2316"]
[PlyCount "79"]
[EventDate "2010.10.02"]
[EventType "team"]
[EventRounds "11"]
[EventCountry "AUT"]
[WhiteTeam "SK Zwettl"]
[BlackTeam "Spg Data Technology Eichgraben/P."]

1.d4 Nf6 2.Nf3 e6 3.Bg5 h6 4.Bh4 g5 5.Bg3 b6 6.e3 Bb7 7.Nbd2 d6 8.h3 Nbd7 9.c3
Bg7 10.Bd3 Qe7 11.Qe2 a5 12.e4 Nh5 13.Bh2 Nf4 14.Bxf4 gxf4 15.O-O-O a4 16.a3 h5
17.h4 e5 18.Kb1 Kd8 19.g3 fxg3 20.fxg3 exd4 21.Nxd4 Bxd4 22.cxd4 f5 23.Rhe1 fxe4
24.Bxe4 Bxe4+ 25.Qxe4 Qxe4+ 26.Nxe4 Re8 27.Ng5 Rxe1 28.Rxe1 Ra5 29.Nf7+ Kc8
30.Re8+ Kb7 31.Re7 Kc8 32.Re8+ Kb7 33.Nd8+ Ka6 34.Re7 Nf6 35.Ne6 Rf5 36.Nxc7+
Ka5 37.Rf7 Rf1+ 38.Ka2 Rf2 39.Rf8 b5 40.Nd5 1-0

[Event "2. Bundesliga Ost 2010/2011"]
[Site "2+3.10.Zwettl,30.10-1.11.Wien,27+28.11.Wien,29+30.
[Date "2011.03.13"]
[Round "11"]
[Board "5"]
[White "Pichler, Michael"]
[Black "Buchnicek, Petr"]
[Result "1/2-1/2"]
[WhiteElo "2253"]
[BlackElo "2305"]
[PlyCount "100"]
[EventDate "2010.10.02"]
[EventType "team"]
[EventRounds "11"]
[EventCountry "AUT"]
[WhiteTeam "Spg Data Technology Eichgraben/P."]
[BlackTeam "SK Zwettl"]

1.d4 d5 2.Nf3 c6 3.g3 Nf6 4.Bg2 Bg4 5.O-O e6 6.b3 Bd6 7.Bb2 O-O 8.Nbd2 Nbd7 9.c4
Qe7 10.Ne5 Bf5 11.Nxd7 Qxd7 12.c5 Bc7 13.b4 Rfe8 14.f4 a5 15.a3 b6 16.e3 bxc5
17.bxc5 Reb8 18.Bc3 Bd3 19.Re1 Ne4 20.Nxe4 dxe4 21.Qd2 Rb3 22.a4 Qc8 23.Rec1 Qa6
24.Bh3 g6 25.Bg4 Rab8 26.Bd1 R3b7 27.Ra2 h5 28.Rb2 Bd8 29.Rxb7 Rxb7 30.Ba1 f6
31.Qa2 Kf7 32.Bb3 Re7 33.Qb2 Ra7 34.Qa2 Qc8 35.Bc3 Rb7 36.Rd1 Re7 37.Rd2 Rb7
38.Rb2 Ke7 39.Bd1 Kf7 40.Rxb7+ Qxb7 41.Bb3 Qc8 42.Qd2 Qa6 43.Qa2 Qc8 44.Kg2 Ke7
45.h3 Qd7 46.Ba1 Kf7 47.Qb2 Qc8 48.Ba2 Qa6 49.Qb3 Bf1+ 50.Kg1 Bxh3 1/2-1/2

[Event "2. Bundesliga Ost 2010/2011"]
[Site "2+3.10.Zwettl,30.10-1.11.Wien,27+28.11.Wien,29+30.
[Date "2011.03.13"]
[Round "11"]
[Board "6"]
[White "Wagner, Stefan"]
[Black "Hechl, Gerald"]
[Result "0-1"]
[WhiteElo "2173"]
[BlackElo "2261"]
[PlyCount "54"]
[EventDate "2010.10.02"]
[EventType "team"]
[EventRounds "11"]
[EventCountry "AUT"]
[WhiteTeam "SK Zwettl"]
[BlackTeam "Spg Data Technology Eichgraben/P."]

1.c4 e5 2.g3 Nf6 3.Bg2 d5 4.cxd5 Nxd5 5.Nf3 Nc6 6.O-O Nb6 7.d3 Be7 8.Nbd2 g5
9.a3 g4 10.Ne1 h5 11.b4 h4 12.Bb2 hxg3 13.hxg3 Qd6 14.f4 gxf3 15.Nexf3 Nd4 16.e3
Nxf3+ 17.Qxf3 f5 18.Nc4 Nxc4 19.dxc4 e4 20.Qf4 Qxf4 21.gxf4 Rg8 22.Bd4 Be6
23.Rfc1 O-O-O 24.Kh2 Bh4 25.Bh3 Bg3+ 26.Kh1 Rd7 27.Bg2 Bf2 0-1

[Event "2. Bundesliga Ost 2010/2011"]
[Site "2+3.10.Zwettl,30.10-1.11.Wien,27+28.11.Wien,29+30.
[Date "2011.03.13"]
[Round "11"]
[Board "1"]
[White "Poetz, Florian"]
[Black "Fauland, Alexander"]
[Result "1/2-1/2"]
[WhiteElo "2350"]
[BlackElo "2436"]
[PlyCount "71"]
[EventDate "2010.10.02"]
[EventType "team"]
[EventRounds "11"]
[EventCountry "AUT"]
[WhiteTeam "Niederabsdorf"]
[BlackTeam "Raiffeisen Waehring"]

1.e4 c6 2.d4 d5 3.exd5 cxd5 4.c4 Nf6 5.Nc3 Nc6 6.Bg5 Be6 7.a3 g6 8.Bxf6 exf6
9.Be2 Bh6 10.Bf3 Qb6 11.Na4 Qxd4 12.cxd5 O-O-O 13.Ne2 Qe5 14.Nac3 Ne7 15.Qc2 Bd7
16.O-O Kb8 17.Rad1 Nf5 18.g3 Rhe8 19.Qb3 Qd6 20.Ne4 Qa6 21.N2c3 Bf8 22.Be2 Ba4
23.Qa2 Qa5 24.b4 Qc7 25.Rc1 Qe5 26.b5 Nd4 27.Bc4 Bxb5 28.f4 Qf5 29.Rce1 a6 30.a4
Bxc4 31.Qxc4 Nc2 32.Rb1 Na3 33.Rxb7+ Kxb7 34.Qc6+ Ka7 35.Qc7+ Ka8 36.Qc6+ 1/2-1/2

[Event "2. Bundesliga Ost 2010/2011"]
[Site "2+3.10.Zwettl,30.10-1.11.Wien,27+28.11.Wien,29+30.
[Date "2011.03.13"]
[Round "11"]
[Board "2"]
[White "Mahdy, Khaled"]
[Black "Schwarhofer, Christopher"]
[Result "1-0"]
[WhiteElo "2401"]
[BlackElo "2222"]
[PlyCount "47"]
[EventDate "2010.10.02"]
[EventType "team"]
[EventRounds "11"]
[EventCountry "AUT"]
[WhiteTeam "Raiffeisen Waehring"]
[BlackTeam "Niederabsdorf"]

1.e4 c5 2.Nf3 d6 3.c3 Nf6 4.Be2 Nc6 5.d4 cxd4 6.cxd4 Nxe4 7.d5 Qa5+ 8.Nc3 Nxc3
9.bxc3 Ne5 10.O-O Nxf3+ 11.Bxf3 Bf5 12.Qd4 Rc8 13.Be3 b6 14.Rfe1 Rg8 15.Bd2 g6
16.a4 Rc7 17.Qf4 Qc5 18.Be3 Qc4 19.Bd4 Bg7 20.Qxd6 Bxd4 21.cxd4 Kf8 22.Qf4 Rd7
23.Rec1 Qa6 24.Qh6+ 1-0

[Event "2. Bundesliga Ost 2010/2011"]
[Site "2+3.10.Zwettl,30.10-1.11.Wien,27+28.11.Wien,29+30.
[Date "2011.03.13"]
[Round "11"]
[Board "3"]
[White "Schreiner, Peter"]
[Black "Alvir, Aco"]
[Result "0-1"]
[WhiteElo "2257"]
[BlackElo "2360"]
[PlyCount "94"]
[EventDate "2010.10.02"]
[EventType "team"]
[EventRounds "11"]
[EventCountry "AUT"]
[WhiteTeam "Niederabsdorf"]
[BlackTeam "Raiffeisen Waehring"]

1.Nf3 Nf6 2.c4 g6 3.g3 Bg7 4.Bg2 O-O 5.O-O d6 6.d4 c6 7.Nc3 Qa5 8.d5 cxd5 9.cxd5
Bd7 10.Nd4 Rc8 11.Nb3 Qd8 12.h3 a5 13.a4 Na6 14.Be3 Be8 15.Nd4 Nd7 16.Ncb5 Ndc5
17.Bd2 Nb4 18.Bc3 Qb6 19.e3 Nxa4 20.Rxa4 Bxb5 21.Nxb5 Qxb5 22.Bxb4 axb4 23.Rxa8
Rxa8 24.Qb3 Qa4 25.Qxa4 Rxa4 26.b3 Ra2 27.Rb1 Kf8 28.Bf3 Ke8 29.Kf1 Kd8 30.Rd1
Rb2 31.Rd3 Kc7 32.Bd1 Bc3 33.e4 Kb6 34.h4 Kc5 35.Rf3 Bf6 36.Rd3 h6 37.h5 Bd4
38.hxg6 fxg6 39.Be2 g5 40.g4 Ra2 41.f3 Bc3 42.Bd1 Kb6 43.Be2 Kc7 44.Re3 Ra1+
45.Kg2 Re1 46.e5 dxe5 47.Re4 Bd4 0-1

[Event "2. Bundesliga Ost 2010/2011"]
[Site "2+3.10.Zwettl,30.10-1.11.Wien,27+28.11.Wien,29+30.
[Date "2011.03.13"]
[Round "11"]
[Board "4"]
[White "Bawart, Markus"]
[Black "Wolfram, Bernd"]
[Result "1-0"]
[WhiteElo "2416"]
[BlackElo "2186"]
[PlyCount "103"]
[EventDate "2010.10.02"]
[EventType "team"]
[EventRounds "11"]
[EventCountry "AUT"]
[WhiteTeam "Raiffeisen Waehring"]
[BlackTeam "Niederabsdorf"]

1.Nf3 Nf6 2.g3 g6 3.Bg2 Bg7 4.O-O O-O 5.d3 d6 6.Nbd2 c5 7.e4 Nc6 8.Nc4 b5 9.Ne3
Bb7 10.Ng5 e6 11.f4 Ne7 12.a4 a6 13.e5 Nfd5 14.Ng4 c4 15.Ne4 Nf5 16.d4 Rb8
17.Re1 b4 18.c3 a5 19.Bd2 Ba8 20.Qe2 Rc8 21.Bf3 Qb6 22.Kg2 Qd8 23.h4 h5 24.Ngf2
Bh6 25.Ng5 bxc3 26.bxc3 Qe7 27.Nfe4 Rfd8 28.Rab1 Rb8 29.exd6 Nxd6 30.Nxd6 Qxd6
31.Qxc4 Rbc8 32.Qd3 Bxg5 33.fxg5 Qa3 34.Ra1 Qd6 35.Kh2 Rc7 36.Re5 Rdc8 37.Rae1
Rxc3 38.Bxc3 Rxc3 39.Rxe6 fxe6 40.Qxg6+ Kf8 41.Rxe6 Rc2+ 42.Kh3 Qd7 43.Bxh5 Bc6
44.Qf5+ Kg7 45.Rg6+ Kh8 46.Rh6+ Kg8 47.Bf7+ Qxf7 48.Qxc2 Qf1+ 49.Kh2 Nf4 50.Qh7+
Kf8 51.Qh8+ Ke7 52.Qf6+ 1-0

[Event "2. Bundesliga Ost 2010/2011"]
[Site "2+3.10.Zwettl,30.10-1.11.Wien,27+28.11.Wien,29+30.
[Date "2011.03.13"]
[Round "11"]
[Board "5"]
[White "Hansen, Kay"]
[Black "Wallner, Joachim"]
[Result "0-1"]
[WhiteElo "2247"]
[BlackElo "2294"]
[PlyCount "58"]
[EventDate "2010.10.02"]
[EventType "team"]
[EventRounds "11"]
[EventCountry "AUT"]
[WhiteTeam "Niederabsdorf"]
[BlackTeam "Raiffeisen Waehring"]

1.d4 d5 2.c4 c6 3.Nc3 Nf6 4.e3 a6 5.a4 g6 6.Nf3 Bg7 7.b4 O-O 8.Qb3 Bg4 9.Ne5 Be6
10.Bb2 Nbd7 11.Nxd7 Qxd7 12.c5 Ne4 13.f3 Nxc3 14.Qxc3 f6 15.Be2 Bf5 16.g4 Be6
17.h4 f5 18.g5 f4 19.a5 Rae8 20.O-O-O Qc7 21.Rdf1 Bf5 22.Kd1 e5 23.Bc1 Re7
24.Bd3 fxe3 25.Bxe3 exd4 26.Bxd4 Re3 27.Bxg7 Rxd3+ 28.Qxd3 Bxd3 29.Bxf8 Kxf8 0-1

[Event "2. Bundesliga Ost 2010/2011"]
[Site "2+3.10.Zwettl,30.10-1.11.Wien,27+28.11.Wien,29+30.
[Date "2011.03.13"]
[Round "11"]
[Board "6"]
[White "Lovrinovic, Christian"]
[Black "Wiedermann, Daniel"]
[Result "1/2-1/2"]
[WhiteElo "2193"]
[BlackElo "2192"]
[PlyCount "68"]
[EventDate "2010.10.02"]
[EventType "team"]
[EventRounds "11"]
[EventCountry "AUT"]
[WhiteTeam "Raiffeisen Waehring"]
[BlackTeam "Niederabsdorf"]

1.d4 Nf6 2.c4 g6 3.Nc3 Bg7 4.e4 d6 5.Nf3 O-O 6.Be2 e5 7.O-O Nh5 8.Bg5 f6 9.Be3
Nf4 10.Qd2 Nxe2+ 11.Nxe2 Nc6 12.Rad1 Bg4 13.d5 Ne7 14.Ne1 Bd7 15.c5 f5 16.f3 f4
17.Bf2 g5 18.cxd6 cxd6 19.Rc1 Rf6 20.Qb4 b6 21.Nc3 Qe8 22.Kh1 Rh6 23.a4 Rc8
24.a5 bxa5 25.Qxa5 Bb5 26.Nxb5 Rxc1 27.Nxa7 Qa8 28.b4 Rf6 29.b5 Nc8 30.b6 Rf7
31.Qd2 Rc4 32.Qd3 Rc1 33.Qd2 Rc4 34.Qd3 Rc1 1/2-1/2